Kolektívna zmluva na rok 1964 národného podniku a zamestnancov Elektrotechnických závodov v Bratislave.

Uložené v:
Podrobná bibliografia
Médium: Kniha
Jazyk:Slovak
Vydané: Bratislava : Elektrotechnické závody, 1964.
Vydanie:1. vyd.
ISBN: (brož.)
Fyzický popis: 16 s.
Tagy: Pridať tag
Žiadne tagy, Buďte prvý kto otaguje tento záznam!

MARC

LEADER 00000nam a22000004a 4500
001 000463593
005 20150411141812.0
008 150411 1964 xo e slo d
020 |a (brož.)  |c Kčs 2,00 
040 |a SVKKK  |b slo  |c SVKKK  |e AACR2 
041 0 |a slo 
044 |a xo  |c SK 
245 1 0 |a Kolektívna zmluva na rok 1964 národného podniku a zamestnancov Elektrotechnických závodov v Bratislave. 
250 |a 1. vyd. 
260 |a Bratislava :  |b Elektrotechnické závody,  |c 1964. 
300 |e 16 s. 
910 |a svkkk 
998 |a BK 
090 |g SCKHL  |k Sklad Pribinova 1. posch.  |a IV.31861  |j 336167  |i 463593-10  |s Povinný výt.